The All England Law Reports Reprint (Record no. 619516)

MARC details
000 -LEADER
fixed length control field 00671nam a2200217 a 4500
008 - FIXED-LENGTH DATA ELEMENTS--GENERAL INFORMATION
fixed length control field 260416s2026##################000#0#eng##
020 ## - INTERNATIONAL STANDARD BOOK NUMBER
ISBN 9780406000422
Paper back/Hardbound HBK
041 ## - LANGUAGE CODE
Language code of text/sound track or separate title eng
082 04 - DEWEY DECIMAL CLASSIFICATION NUMBER
Classification number 348.42 ALLR
100 ## - MAIN ENTRY--AUTHOR NAME
Personal name Bridgman,G.F.L
245 10 - TITLE STATEMENT
Title The All England Law Reports Reprint
Sub Title Being a Selection from the Law Times Reports 1843-1935
Statement of responsibility, etc Edited by G.F.L Bridgman
260 ## - PUBLICATION, DISTRIBUTION, ETC. (IMPRINT)
Place of publication United Kingdom
Name of publisher Butterworth & co. LTD
Year of publication 2000
300 ## - PHYSICAL DESCRIPTION
Number of Pages 721p. :
Dimensions 22cm.
650 ## - SUBJECT ADDED ENTRY--TOPICAL TERM
Topical Term Laws, regulations & cases
700 ## - ADDED ENTRY--PERSONAL NAME
Personal name Swingland .W.O.M
Personal name Kidner .A.G
Personal name Plummer .R.M
Personal name Summerfield,Henry
942 ## - ADDED ENTRY ELEMENTS (KOHA)
Koha item type English Books
Holdings
Withdrawn status Lost status Damaged status Not for loan Home library Current library Shelving location Date acquired Full call number Accession Number Price effective from Koha item type
        Anna Centenary Library Anna Centenary Library 4TH FLOOR, A WING 16.04.2026 348.42 ALLR 401693 16.04.2026 English Books

Find us on the map